Critical Skills for Solving Design Problems: (Record no. 608663)

000 -LEADER
fixed length control field 00506nam a22001697a 4500
003 - CONTROL NUMBER IDENTIFIER
control field NUST
005 - DATE AND TIME OF LATEST TRANSACTION
control field 20240312094100.0
008 - FIXED-LENGTH DATA ELEMENTS--GENERAL INFORMATION
fixed length control field 240312b ||||| |||| 00| 0 eng d
020 ## - INTERNATIONAL STANDARD BOOK NUMBER
International Standard Book Number 9781864708554
038 ## - RECORD CONTENT LICENSOR
Staff Name Malang Jan
082 ## - DEWEY DECIMAL CLASSIFICATION NUMBER
Classification number 724.6
Author Mark DAV
100 1# - MAIN ENTRY--PERSONAL NAME
Personal name Davis,Paul Michael
9 (RLIN) 122095
245 10 - TITLE STATEMENT
Title Critical Skills for Solving Design Problems:
Remainder of title Useful Tips from Architects in Practice /
Statement of responsibility, etc. by Paul Michael Davis
260 ## - PUBLICATION, DISTRIBUTION, ETC.
Name of publisher, distributor, etc. Images Publishing;
Date of publication, distribution, etc. 2021.
300 ## - PHYSICAL DESCRIPTION
Extent 259p.:
Other physical details ill;
942 ## - ADDED ENTRY ELEMENTS (KOHA)
Source of classification or shelving scheme
Koha item type Book
Holdings
Withdrawn status Lost status Source of classification or shelving scheme Damaged status Not for loan Permanent Location Current Location Date acquired Source of acquisition Total Checkouts Full call number Barcode Date last seen Cost, replacement price Price effective from Koha item type
          School of Art Design and Architecture (SADA) School of Art Design and Architecture (SADA) 02/14/2023 Pak Book   724.6 DAV 2021 SADA0002987 03/12/2024 4134.00 03/12/2024 Book
© 2023 Central Library, National University of Sciences and Technology. All Rights Reserved.